000 00572nam a2200205Ia 4500
005 20250326144957.0
008 250326s9999 xx 000 0 und d
020 _a81-7808-564-X
037 _aTextbook
040 _aFMSL
_beng
_cFMSL
041 _aeng
_2eng
084 _aX9(U8):51 P2
_qFMSL
100 _aKotler P
245 0 _aMarketing for hospitality and tourism
_cKotler P; Bowen J And Others
250 _a2
260 _aDelhi
_bDelhi, Pearson Education
_c2002
300 _axv,800
942 _cTB
_hX9(U8):51 P2
999 _c1305889
_d1305889